000 00899nam2a22002291 4500
001 RU\NLR\A1SV\82363
005 20251203152403.2
035 _a(NLR Aleph) 009763789
090 _a13483544
_c13483544
100 _a20070921d1918 u y0rusy50 ca
101 0 _arus
200 1 _aТайна
_fПер. Б.Пегелау
_aУщелье золота
_fПер. Ф.Д.
215 _a32 с.
_cил.
461 1 _1001RU\NLR\A1SV\82362
_12000#$aПовести и рассказы$fДжек Лондон$vТ.1
_1700#1$aЛондон$bД.$f1876-1916$gДжек$3RU\NLR\AUTH\777462
_910029171
_aЛондон, Д. (1876-1916)
_cМ.
_d1918
_fДжек Лондон
_nТиполит. "Печатник"
_tПовести и рассказы
_vТ.1
702 1 _aПегелау
_bБ.
702 0 _aФ.Д.
801 0 _aRU
_bNLR
_c20070921
852 _aNLR
_j37.77.8.1196
942 _cBOOK
980 _aA1SV
980 _aNB